| 000 | 00789nam a22002177a 4500 | ||
|---|---|---|---|
| 999 |
_c8991 _d8991 |
||
| 001 | 8991 | ||
| 003 | BD-JhCC | ||
| 005 | 20180716175415.0 | ||
| 008 | 180306b1996 bg ||||| |||| 00| 0 ben d | ||
| 035 | _a(BD-JhCC)8991 | ||
| 040 |
_aBD-JhCC _dBD-JhCC |
||
| 041 | _aben | ||
| 082 |
_a355.23 _bRAS 1966 |
||
| 100 | _aরশিদ, এ. বি. এ. এফ. আই. সি, | ||
| 245 |
_aসিভিল ডিফেন্স (নবম শ্রেণীর জন্য) / _cএ, রশিদ বি. এ. এফ. আই. সি, |
||
| 260 |
_aঢাকাঃ _bইস্ট পাকিস্তান স্কুল টেকস্ট-বুক বোর্ড, ঢাকা _c1966. |
||
| 300 |
_a157 p. : _c20 cm. |
||
| 650 | _aCivil Defence | ||
| 942 |
_2ddc _cBK |
||